Pays ayant au moins une base scientifique en Antarctique - Statistiques

Statistiques générales
  • Ce quiz a été pris 66 fois
  • Le résultat moyen est 21 sur 27
Statistiques - réponses
Nombre de bases Réponses % Correct
4 Etats-Unis
100%
4 (dont une partagée) France
100%
7 Russie
96%
4 (dont une partagée) Australie
95%
2 Chine
95%
3 Japon
93%
8 Argentine
89%
5 Chili
88%
2 Espagne
88%
6 (dont une partagée) Italie
88%
2 Norvège
88%
1 Nouvelle-Zélande
88%
5 Royaume-Uni
88%
1 Finlande
84%
1 Suède
84%
1 Afrique du Sud
82%
1 Brésil
82%
2 Inde
81%
1 Corée du Sud
74%
1 Belgique
70%
1 Pologne
63%
1 Ukraine
61%
1 Pérou
60%
1 Uruguay
60%
1 (partagée) Roumanie
44%
2 Equateur
40%
2 Bulgarie
32%
Aucun quiz correspondant
Distribution des résultats
% des personnes avec chaque résultat
Percentile par nombre de réponses
Votre historique - résultats
Vous n’avez pas pris ce quiz